header

Reclaiming Adat (Record no. 192659)

MARC details
000 -LEADER
fixed length control field 01509nam a2200385Ia 4500
100 1# - MAIN ENTRY--AUTHOR NAME
Personal name Khoo, Gaik Cheng,
245 10 - TITLE STATEMENT
Title Reclaiming Adat
260 ## - PUBLICATION, DISTRIBUTION, ETC. (IMPRINT)
Place of publication Vancouver :
Name of publisher UBC Press,
Year of publication c2006.
300 ## - PHYSICAL DESCRIPTION
Number of Pages xi, 254 p. :
Other physical details ports.
500 ## - GENERAL NOTE
General note Includes filmographies and index.
650 #0 - SUBJECT ADDED ENTRY--TOPICAL TERM
Topical Term Motion pictures
Topical Term Malaysian literature (English)
Topical Term Adat law
Topical Term Islam and state
856 40 - ELECTRONIC LOCATION AND ACCESS
Uniform Resource Identifier http://site.ebrary.com/lib/rucke/Doc?id=10153069

No items available.

© 2026 Rongo University
Contact us: librarian | system librarian | Rongo university